O Direito de Concorrn̊cia no Sector Mart̕imo

Detalles Bibliográficos
Autor principal: Rocha Cardoso, David Maurc̕io
Formato: eBook
Lenguaje:portugués
Publicado: Lisboa: Novas Ediė̳s Acadm̊icas, 2019
Materias:
Acceso en línea:Acceso restringido

MARC

LEADER 00000nam a22000007a 4500
005 20191009230612.0
007 cr|||| ||||
008 191009s2019 pt |||||s|||| 00||0 por d
020 |a 9786139781256 
035 |a 30023 
040 |a vLex 
090 |c 9772  |d 9772 
100 1 |a Rocha Cardoso, David Maurc̕io 
245 1 1 |a O Direito de Concorrn̊cia no Sector Mart̕imo  |h [Recurso electrn̤ico] /  |c David Maurc̕io Rocha Cardoso 
256 |a Servicio en ln̕ea 
260 |a Lisboa:  |b Novas Ediė̳s Acadm̊icas,  |c 2019 
300 |a 1 recurso electrn̤ico 
500 |a O presente trabalho aborda a temt̀ica do Direito de Concorrn̊cia no sector mart̕imo, a sua evoluȯ̂ ao longo dos l︢timos dois sčulos na Comunidade Europeia, ser ̀abordada a importńcia da regulaȯ̂ da concorrn̊cia, o caminho percorrido at ̌ ̀chegada do Tratado sobre o Funcionamento da Uniô Europeia (TFUE), a sua evoluȯ̂ histr̤ica e estrutura normativa, ao nv̕el do Direito Comunitr̀io no ḿbito do sector mart̕imo. Outro assunto ser ̀acerca das Confern̊cias Mart̕imas, a evoluȯ̂ histr̤ica e o modo de regulamentaȯ̂ na Uniô Europeia at ̌se chegar ao Cd̤igo de Conduta sobre as Confern̊cias Mart̕imas da UNCTAD. Por fim, serô abordados alguns aspetos em relaȯ̂ ̀regulaȯ̂ do Direito da Concorrn̊cia no sector mart̕imo a nv̕el nacional, ou seja, no meu pas̕, Cabo Verde, onde ser ̀versado em primeiro plano o Direito de Concorrn̊cia na Constituiȯ̂ da Repb︢lica de Cabo Verde, o papel que tem o Estado na regulaȯ̂ da concorrn̊cia, a extinȯ̂ da Agn̊cia Mart̕ima e Portur̀ia com a criaȯ̂ do Instituto Mart̕imo e Portur̀io e por fim as disposiė̳s aplicv̀eis s̉ empresas que estô includ̕as no decreto-lei 53/2003 de 24 de Novembro. 
506 1 |a Disponible solo en los productos indicados  |d vLex Global  |d vLex Global (Academic Edition, excluding Law Schools)  |d vLex Global (U.S. Academic Edition, Law Schools)  |d vLex Global (U.S. Academic Edition, excluding Law Schools)  |d vLex Global (Academic Edition, Law Schools) 
650 0 4 |a Derecho Internacional  |z Portugal 
740 0 |a vLex Libros (Servicio en ln̕ea) 
856 4 0 |u http://vlex.com/source/30023  |z Acceso restringido 
942 |c BOOK 
999 0 |a International right